Regions of Countries *5 - Statistics

General Stats
  • This quiz has been taken 190 times
    175 since last reset
  • The average score is 12 of 20
Answer Stats
Region Country % Correct
Arkansas United States
99%
North Bengal India, Bangladesh
97%
Xinjiang China
96%
Azores Portugal
89%
Yakutsk Russia
85%
Saskatchewan Canada
84%
Åland Finland
82%
Peloponnese Greece
79%
Veneto Italy
78%
Serb Republic Bosnia and Herzegovina
72%
La Pampa Argentina
68%
Chugoku Japan
61%
West Frisian Islands Netherlands
57%
South Kalimantan Indonesia
43%
Dobruja Romania, Bulgaria
27%
Fiorentino San Marino
24%
Dhawalgiri Nepal
22%
Ajman United Arab Emirates
21%
Bizerte Tunisia
19%
Gaskoyne Australia
16%
No matching quizzes found
Score Distribution
Percent of People with Each Score
Percentile by Number Answered
Your Score History
You have not taken this quiz since the last reset